| 000 | 00398nam a22001337a 4500 | ||
|---|---|---|---|
| 082 | _a355.0095491 SCH | ||
| 100 | _aSchofield, Carey | ||
| 245 | _a Inside the Pakistan Army : a woman's experience on the frontline of the war on terror | ||
| 260 |
_aLondon : _bBiteback Publishing _c2011 |
||
| 300 | _a232p. : | ||
| 650 | _aWar on Terrorism (2001-2009) | ||
| 700 | _a Carey Schofield | ||
| 942 | _cBK | ||
| 999 |
_c11638 _d11638 |
||